| 000 | 00000nam##2200000za#4500 |
| 001 | 9.680446 |
| 003 | CaOODSP |
| 005 | 20200330063954 |
| 007 | ta |
| 008 | 150407|1998||||xxc||||| f|0| 0 fre|d |
| 020 | |a0-662-82912-3 |
| 040 | |aCaOODSP|bfre |
| 043 | |an-cn--- |
| 086 | 1 |aF32-5/1998F |
| 110 | 1 |aCanada. |bMinistère des finances. |
| 245 | 10|aRapport du Comité technique de la fiscalité des entreprises |
| 260 | |aOttawa - Ontario : |bFinances Canada |c1998. |
| 300 | |axiv, 303p. en pagination multiple. : |bgraphiques, tableaux ; |c28 cm. |
| 500 | |a«Le comité doit, aux termes de son mandat, évaluer la fiscalité des entreprises au Canada dans le but: d'améliorer le régime fiscal pour promouvoir la création d'emplois et la croissance économique dans une économie ouverte; de simplifier l'imposition du revenu des sociétés pour en faciliter l'observation par les contribuables et l'administration par Revenu Canada; de renforcer l'équité du régime fiscal en veillant à ce que toutes les entreprises participent au financement de la prestation des services gouvernementaux.»--Page 1.1. |
| 504 | |aBibliographie. |
| 520 | 3 |aLe comité doit, aux termes de son mandat, évaluer la fiscalité des entreprises au Canada dans le but: d'améliorer le régime fiscal pour promouvoir la création d'emplois et la croissance économique dans une économie ouverte; de simplifier l'imposition du revenu des sociétés pour en faciliter l'observation par les contribuables et l'administration par Revenu Canada; de renforcer l'équité du régime fiscal en veillant à ce que toutes les entreprises participent au financement de la prestation des services gouvernementaux.--Page 1.1 |
| 563 | |aCouverture souple |
| 590 | |a98-19|b1998-05-08 |
| 775 | 08|tReport of the Technical Committee on Business Taxation |w(CaOODSP)9.646958 |
| 776 | 0#|tRapport du Comité technique de la fiscalité des entreprises |w(CaOODSP)9.640627 |